<?xml version="1.0" encoding="UTF-8"?>
<record
    xmlns:xsi="http://www.w3.org/2001/XMLSchema-instance"
    xsi:schemaLocation="http://www.loc.gov/MARC21/slim http://www.loc.gov/standards/marcxml/schema/MARC21slim.xsd"
    xmlns="http://www.loc.gov/MARC21/slim">

  <leader>01426nam a2200337 i 4500</leader>
  <controlfield tag="001">196754</controlfield>
  <controlfield tag="003">ES-MaACL</controlfield>
  <controlfield tag="005">20250723063408.0</controlfield>
  <controlfield tag="008">241104b2024    sp ||||| |||| 00| 0 spa d</controlfield>
  <datafield tag="017" ind1=" " ind2=" ">
    <subfield code="a">M-19341-2024</subfield>
    <subfield code="b">Oficina Dep&#xF3;sito Legal Madrid</subfield>
  </datafield>
  <datafield tag="020" ind1=" " ind2=" ">
    <subfield code="a">9788410389267</subfield>
  </datafield>
  <datafield tag="040" ind1=" " ind2=" ">
    <subfield code="b">spa</subfield>
    <subfield code="c">ES-MaACL</subfield>
  </datafield>
  <datafield tag="245" ind1="1" ind2=" ">
    <subfield code="a">En el desv&#xE1;n de Jos&#xE9; Luis Sampedro : </subfield>
    <subfield code="b">(estudios para un homenaje) / </subfield>
    <subfield code="c">Jos&#xE9; Manuel Luc&#xED;a Meg&#xED;as (editor) ; pr&#xF3;logo de Olga Lucas</subfield>
  </datafield>
  <datafield tag="260" ind1=" " ind2=" ">
    <subfield code="a">Madrid : </subfield>
    <subfield code="b">Grupo Sial Pigmali&#xF3;n, </subfield>
    <subfield code="c">2024</subfield>
  </datafield>
  <datafield tag="264" ind1=" " ind2=" ">
    <subfield code="a">&#xA9;2024</subfield>
  </datafield>
  <datafield tag="300" ind1=" " ind2=" ">
    <subfield code="a">352 p&#xE1;ginas ; </subfield>
    <subfield code="b">21 cm</subfield>
  </datafield>
  <datafield tag="336" ind1=" " ind2=" ">
    <subfield code="2">rdacontent</subfield>
    <subfield code="a">texto</subfield>
  </datafield>
  <datafield tag="337" ind1=" " ind2=" ">
    <subfield code="2">rdamedia</subfield>
    <subfield code="a">sin mediaci&#xF3;n</subfield>
  </datafield>
  <datafield tag="338" ind1=" " ind2=" ">
    <subfield code="2">rdacarrier</subfield>
    <subfield code="a">volumen</subfield>
  </datafield>
  <datafield tag="490" ind1="1" ind2=" ">
    <subfield code="a">Trivium Biblioteca de textos y ensayo , </subfield>
    <subfield code="v">71</subfield>
  </datafield>
  <datafield tag="600" ind1="1" ind2="4">
    <subfield code="9">102185</subfield>
    <subfield code="a">Sampedro, Jos&#xE9; Luis,</subfield>
    <subfield code="d">1917-2013</subfield>
  </datafield>
  <datafield tag="700" ind1="1" ind2=" ">
    <subfield code="9">240291</subfield>
    <subfield code="a">Luc&#xED;a Meg&#xED;as, Jos&#xE9; Manuel, </subfield>
    <subfield code="d">1967-</subfield>
    <subfield code="e">pbl</subfield>
  </datafield>
  <datafield tag="700" ind1="1" ind2=" ">
    <subfield code="9">74536</subfield>
    <subfield code="a">Lucas, Olga, </subfield>
    <subfield code="d">1947-</subfield>
    <subfield code="e">aut</subfield>
  </datafield>
  <datafield tag="700" ind1="1" ind2=" ">
    <subfield code="9">237662</subfield>
    <subfield code="a">Berzosa, Carlos, </subfield>
    <subfield code="d">1945-</subfield>
    <subfield code="e">aut</subfield>
  </datafield>
  <datafield tag="852" ind1=" " ind2=" ">
    <subfield code="a">ES-MaACL</subfield>
    <subfield code="c">DEPOJ</subfield>
    <subfield code="j">N-10178</subfield>
    <subfield code="g">Dedicatoria aut&#xF3;grafa del autor-editor</subfield>
    <subfield code="h">Donaci&#xF3;n: Jos&#xE9; Manuel Luc&#xED;a Meg&#xED;as</subfield>
    <subfield code="x">Encuadernaci&#xF3;n r&#xFA;stica con solapas</subfield>
    <subfield code="9">206305</subfield>
  </datafield>
  <datafield tag="903" ind1=" " ind2=" ">
    <subfield code="9">240291</subfield>
    <subfield code="a">Luc&#xED;a Meg&#xED;as, Jos&#xE9; Manuel, </subfield>
    <subfield code="d">1967-</subfield>
    <subfield code="e">dnr</subfield>
  </datafield>
  <datafield tag="942" ind1=" " ind2=" ">
    <subfield code="c">MONOGRAFIA</subfield>
    <subfield code="n">0</subfield>
  </datafield>
  <datafield tag="999" ind1=" " ind2=" ">
    <subfield code="c">196754</subfield>
    <subfield code="d">196754</subfield>
  </datafield>
  <datafield tag="952" ind1=" " ind2=" ">
    <subfield code="0">0</subfield>
    <subfield code="1">0</subfield>
    <subfield code="2">udc</subfield>
    <subfield code="4">0</subfield>
    <subfield code="7">0</subfield>
    <subfield code="a">ATENEOM</subfield>
    <subfield code="b">ATENEOM</subfield>
    <subfield code="c">DEPOJ</subfield>
    <subfield code="d">2025-07-21</subfield>
    <subfield code="e">DONACION</subfield>
    <subfield code="l">0</subfield>
    <subfield code="o">N-10178</subfield>
    <subfield code="p">2025-0690</subfield>
    <subfield code="r">2025-07-21 00:00:00</subfield>
    <subfield code="w">2025-07-21</subfield>
    <subfield code="y">MONOGRAFIA</subfield>
  </datafield>
</record>
